000 00637nam a22002057a 4500
003 OSt
005 20241030083848.0
008 210128s ||||| |||| 00| 0 eng d
040 _aeng
_beng
_cDLC
041 _aeng
080 _a008
_bG-37
245 _aGeorge Washington's Mount Vernon / Official Guidebook
_c/ by: The Mount Vernon Ladies' Association of the Union
260 _aMount Vernon, Virginia
_bThe Mount Vernon Ladies' Association of the Union
_c2005
300 _a145 p.
_bill.
650 0 _9493
_aCulture
650 0 _9252
_aHistory
653 _aკულტურა
653 _aისტორია
942 _2udc
_cBK
999 _c1036
_d1036